|
|
|
|
| LEADER |
00000nam a22000005a 4500 |
| 001 |
10752 |
| 003 |
CL-ChBUA |
| 005 |
20120815103300.0 |
| 008 |
070301s1996 sp 000 0dspa |
| 020 |
|
|
|a 8432986623
|
| 040 |
|
|
|a CL-ChBUA
|c CL-ChBUA
|
| 082 |
0 |
0 |
|a 371.104
|
| 090 |
|
|
|c 10752
|d 10752
|
| 100 |
1 |
|
|a Jordán, José Antonio.
|
| 245 |
1 |
0 |
|a Propuestas de educación intercultural para profesores
|
| 260 |
|
|
|b CEAC.
|c 1996.
|
| 300 |
|
|
|a 143 p.
|c 21 cm.
|
| 504 |
|
|
|a Bibl. pp. 135-143; índice.
|
| 650 |
|
4 |
|a PROFESORADO.
|
| 650 |
|
4 |
|a PROFESORES - EDUCACION.
|
| 942 |
|
|
|c LIB
|
| 952 |
|
|
|0 0
|1 0
|4 0
|7 0
|9 15610
|a UNACH
|b UNACH
|c 300
|d 2007-03-05
|i 31.961.
|l 0
|o 371.104 / J 82p.
|p 16609
|r 2024-10-29 00:00:00
|u 15610
|w 2012-08-08
|y LIB
|k 371.104 / J 82p.
|
| 999 |
|
|
|c 10752
|d 10752
|